• 首页
  • 本馆介绍
  • 公告通知
  • 最新文献
  • 馆藏检索
  • 电子资源
  • 读者导购
  • 参考咨询
  • 我的图书馆
  • 登录
  • 详细信息显示
  • 放入我的书架
  • 预约/预借图书
  • 作者相关作品
  • 分类相关作品
  • 丛书相关作品
  • 出版社相关作品

书目信息

  • 表格格式
  • 工作单格式
  • 卡片格式
题名:
AUTOSAR规范与车用控制器软件开发
    
 
作者: 宋珂 编著
分册:  
出版信息: 北京   化学工业出版社  2021.7
页数: 226页
开本: 26cm
丛书名:
单 册:
中图分类: U463.6
科图分类:
主题词: 汽车--电子系统--应用软件
电子资源:
ISBN: 978-7-122-32983-7
000 01175nam0 2200241 45
001 012001002643
005 20141008095227.0
010    @a978-7-122-32983-7@dCNY78.00
100    @a20181212d2019 em y0chiy50 ea
101 0  @achi
102    @aCN@b110000
105    @aa z 000yy
106    @ar
200 1  @aAUTOSAR规范与车用控制器软件开发@AAUTOSAR gui fan yu che yong kong zhi qi ruan jian kai fa@b专著@f宋珂[等]编著
210    @a北京@c化学工业出版社@d2021.7
215    @a226页@c图@d26cm
304    @a主编还有:王民、单忠伟、谭杨
330    @a本书共分10章,首先介绍了汽车电子控制系统以及AUTOSAR规范的基本概念;之后以AUTOSAR方法论为线索,通过示例开发过程介绍,全面展现了基于AUTOSAR工具链完成符合AUTOSAR规范的车用控制器软件开发的具体流程与方法;最后,剖析了AUTOSAR对道路车辆功能安全ISO 26262标准的支持情况,并对AUTOSAR与信息安全以及Adaptive AUTOSAR平台进行了介绍。本书以通俗易懂的语言和形象的图解展现了AUTOSAR中一些复杂的概念问题,精心设计的示例亦旨在以开发者的视角深度剖析AUTOSAR方法论的具体实施过程。
606 0  @a汽车@x电子系统@x应用软件
690    @aU463.6@v5
701  0 @a宋珂@Asong ke@4编著
801  2 @aCN@bBJSDL@c20211018
905    @b1350110-3@dU463.6@e1098@f4
    
    AUTOSAR规范与车用控制器软件开发/宋珂[等]编著.-北京:化学工业出版社,2021.7
    226页:图;26cm
    
    
    ISBN 978-7-122-32983-7:CNY78.00
    本书共分10章,首先介绍了汽车电子控制系统以及AUTOSAR规范的基本概念;之后以AUTOSAR方法论为线索,通过示例开发过程介绍,全面展现了基于AUTOSAR工具链完成符合AUTOSAR规范的车用控制器软件开发的具体流程与方法;最后,剖析了AUTOSAR对道路车辆功能安全ISO 26262标准的支持情况,并对AUTOSAR与信息安全以及Adaptive AUTOSAR平台进行了介绍。本书以通俗易懂的语言和形象的图解展现了AUTOSAR中一些复杂的概念问题,精心设计的示例亦旨在以开发者的视角深度剖析AUTOSAR方法论的具体实施过程。
●
相关链接 在E读中查询图书 在五车中查询图书 在当当中查询图书 在豆瓣中查询图书


正题名:AUTOSAR规范与车用控制器软件开发     索取号:U463.6/1098         预约/预借

序号 登录号 条形码 馆藏地/架位号 状态 备注
1 1350110   213501101   第二样本阅览室/ [索取号:U463.6/1098] 在馆    
2 1350111   213501110   第三借阅区/ [索取号:U463.6/1098] 在馆    
3 1350112   213501129   第三借阅区/ [索取号:U463.6/1098] 在馆    
4 1350113   213501138   第三借阅区/ [索取号:U463.6/1098] 在馆    
唐山师范学院图书馆 欢迎您!
大连网信软件有限公司© 版权所有